[Event "Granada Nazari 1st op"]
[Site "Granada"]
[Date "2014.04.16"]
[Round "2.6"]
[White "Chaikhiev Chaikhieva, Miguel A"]
[Black "Orantes Taboada, Francisco"]
[Result "1/2-1/2"]
[WhiteElo "1840"]
[BlackElo "1870"]
[PlyCount "61"]
[EventDate "2014.04.15"]
[EventType "swiss"]
[EventRounds "7"]
[EventCountry "ESP"]
[SourceTitle "EXT 2024"]
[Source "ChessBase"]
[SourceDate "2023.10.10"]
[SourceVersion "1"]
[SourceVersionDate "2023.10.10"]
[SourceQuality "1"]
[WhiteTeam "International Comb"]
[BlackTeam "Granada Comb"]
[WhiteTeamCountry "ESP"]
[BlackTeamCountry "ESP"]

1. d4 Nf6 2. Nf3 g6 3. b3 Bg7 4. Bb2 d5 5. e3 0-0 6. Be2 c5 7. 0-0 Ne4 8. Nbd2 Nxd2 9. Qxd2 Nc6 10. c4 dxc4 11. Bxc4 cxd4 12. exd4 Bg4 13. Qf4 Bxf3 14. Qxf3 Bxd4 15. Rad1 e5 16. Ba3 Qa5 17. Bxf8 Rxf8 18. a4 Qb6 19. Qe4 Kg7 20. Kh1 Rd8 21. Qh4 Bxf2 22. Qe4 f5 23. Qe2 Rxd1 24. Rxd1 Bd4 25. h3 a6 26. Qc2 Ne7 27. Qe2 Nc6 28. Rc1 Be3 29. Rd1 Bd4 30. Rc1 Be3 31. Rd1 1/2-1/2

[Event "Granada Region-ch"]
[Site "Granada"]
[Date "2013.??.??"]
[Round "4.3"]
[White "Zapata Caparros, Sergio"]
[Black "Chaikhiev Chaikhieva, Miguel A"]
[Result "0-1"]
[WhiteElo "1601"]
[BlackElo "1877"]
[PlyCount "70"]
[EventDate "2013.01.20"]
[EventType "swiss"]
[EventRounds "6"]
[EventCountry "ESP"]
[SourceTitle "EXT 2024"]
[Source "ChessBase"]
[SourceDate "2023.10.10"]
[SourceVersion "1"]
[SourceVersionDate "2023.10.10"]
[SourceQuality "1"]

1. d4 Nf6 2. c4 e6 3. Nc3 Bb4 4. e3 c5 5. Nge2 Nc6 6. a3 Bxc3+ 7. Nxc3 0-0 8. g3 d5 9. cxd5 cxd4 10. exd4 exd5 11. Bg2 Re8+ 12. Be3 Bg4 13. Qd3 Qd7 14. 0-0 Bh3 15. Rfe1 Bxg2 16. Kxg2 Ne7 17. Bg5 Qc6 18. Rac1 a6 19. Qf3 h6 20. Bxf6 Qxf6 21. Qxf6 gxf6 22. Re2 b5 23. Rce1 Kf8 24. f4 Rad8 25. Kf2 Rd7 26. Na2 a5 27. Nc1 Rc8 28. Nb3 Nc6 29. Rc2 a4 30. Na5 Ne7 31. Rxc8+ Nxc8 32. Rc1 Nd6 33. Rc5 Ne4+ 34. Ke3 Nxc5 35. dxc5 Ra7 0-1

[Event "Benidorm op U2200 10th"]
[Site "Benidorm"]
[Date "2011.12.05"]
[Round "4"]
[White "Chaikhiev Chaikhieva, Miguel A"]
[Black "Galle, Andre"]
[Result "1-0"]
[WhiteElo "1663"]
[BlackElo "1988"]
[PlyCount "77"]
[EventDate "2011.12.02"]
[EventType "swiss"]
[EventRounds "10"]
[EventCountry "ESP"]
[SourceTitle "CBM 145 Extra"]
[Source "ChessBase"]
[SourceDate "2012.01.03"]
[SourceVersion "1"]
[SourceVersionDate "2012.01.03"]
[SourceQuality "1"]

1. d4 Nf6 2. c4 e6 3. Nc3 Bb4 4. Qc2 c5 5. e3 Nc6 6. Nf3 d5 7. a3 Bxc3+ 8. bxc3 0-0 9. Bd3 dxc4 10. Bxc4 Qc7 11. 0-0 e5 12. Bd3 Re8 13. Ng5 h6 14. Ne4 Nxe4 15. Bxe4 Bd7 16. d5 Ne7 17. c4 Nc8 18. Bd3 Nd6 19. e4 b5 20. f4 bxc4 21. Bxc4 Nxc4 22. Qxc4 Rab8 23. Rf2 Bb5 24. Qc3 Rbc8 25. Bb2 f6 26. fxe5 Rxe5 27. Qb3 Bd7 28. d6+ c4 29. dxc7 cxb3 30. Bxe5 fxe5 31. Rc1 a5 32. Rd2 Be6 33. Rd8+ Kf7 34. Rxc8 Bxc8 35. Kf2 Ke7 36. a4 Kd7 37. Rb1 Kxc7 38. Rxb3 Bb7 39. Ke3 1-0